| 000 | 00546nam a22001937a 4500 | ||
|---|---|---|---|
| 003 | OSt | ||
| 005 | 20180116183105.0 | ||
| 008 | 170727b xxu||||| |||| 00| 0 eng d | ||
| 020 | _a9781292004877 | ||
| 040 | _c0 | ||
| 082 | _a658.4038011 SHA 2014 | ||
| 100 | _aRamesh Sharda , Dursun Delen | ||
| 245 |
_aBusiness Intelligence _b A Managerial Perspective on Analytics _cRamesh Sharda , Dursun Delen |
||
| 250 | _a3rd.Edi. | ||
| 260 |
_aDelhi _bPerson _c2014 |
||
| 300 |
_a410p. _bpb |
||
| 440 | _aBusiness Intelligence | ||
| 942 |
_2ddc _cBK |
||
| 999 |
_c352000 _d352000 |
||